MARC details
| 000 -LEADER |
| fixed length control field |
03200nam a2200649 4500 |
| 020 ## - INTERNATIONAL STANDARD BOOK NUMBER |
| International Standard Book Number |
9781338214574 |
| Qualifying information |
(hardcover) |
| 020 ## - INTERNATIONAL STANDARD BOOK NUMBER |
| International Standard Book Number |
1338214578 |
| Qualifying information |
(hardcover) |
| 035 ## - SYSTEM CONTROL NUMBER |
| System control number |
22703182 |
| 035 ## - SYSTEM CONTROL NUMBER |
| System control number |
(OCoLC)1304490587 |
| 040 ## - CATALOGING SOURCE |
| Original cataloging agency |
ICrlF |
| Language of cataloging |
eng |
| Transcribing agency |
JSE |
| Description conventions |
rda |
| Modifying agency |
JSE |
| -- |
OQX |
| -- |
PX0 |
| -- |
JAS |
| -- |
OCLCO |
| -- |
SDG |
| -- |
CGB |
| -- |
IUK |
| -- |
OCO |
| -- |
EHH |
| -- |
IHX |
| -- |
TOH |
| -- |
OCL |
| -- |
Z#6 |
| -- |
E3V |
| -- |
ZGR |
| -- |
SINLB |
| -- |
DLC |
| 042 ## - AUTHENTICATION CODE |
| Authentication code |
lccopycat |
| 050 00 - LIBRARY OF CONGRESS CALL NUMBER |
| Classification number |
PZ7.S96694 |
| Item number |
Fl 2022 |
| 082 04 - DEWEY DECIMAL CLASSIFICATION NUMBER |
| Classification number |
[Fic] |
| Edition number |
23 |
| 100 ## - MAIN ENTRY--PERSONAL NAME |
| Personal name |
Sutherland, Tui, |
| Relator term |
author. |
| 9 (RLIN) |
65094 |
| 245 14 - TITLE STATEMENT |
| Title |
The flames of hope / |
| Statement of responsibility, etc |
by Tui T. Sutherland. |
| 260 ## - PUBLICATION, DISTRIBUTION, ETC. (IMPRINT) |
| Place of publication, distribution, etc |
New York ; |
| Name of publisher, distributor, etc |
Scholastic Press : |
| Date of publication, distribution, etc |
April 5, 2022. |
| 300 ## - PHYSICAL DESCRIPTION |
| Extent |
330 pages : |
| Other physical details |
illustrations, maps ; |
| Dimensions |
22 cm. |
| 490 ## - SERIES STATEMENT |
| Series statement |
Wings of fire ; 15 |
| 520 ## - SUMMARY, ETC. |
| Summary, etc |
"With talons united ... Luna has always wanted to change the world -- to fix it, to free it -- even if she's never actually known how. Now that all of dragon - and humankind are in mortal danger, Luna is flying back home to Pantala with a team of dragons on a rescue mission, determined to be brave and useful. But saving a continent isn't as easy as a prophecy makes it sound, and "facing a great evil" definitely requires more than the fiery silk that Luna is uniquely able to create. As she fights her way to the abyss that hides the dark roots poisoning Pantala, Luna must uncover a long-buried secret and unite her friends, her enemies, and her own powers. If she doesn't, she won't get to change the world. She'll have to say goodbye to it -- forever."-- |
| 650 #0 - SUBJECT ADDED ENTRY--TOPICAL TERM |
| Topical term or geographic name as entry element |
Dragons |
| Form subdivision |
Juvenile fiction. |
| 650 #0 - SUBJECT ADDED ENTRY--TOPICAL TERM |
| Topical term or geographic name as entry element |
Magic |
| Form subdivision |
Juvenile fiction. |
| 650 #0 - SUBJECT ADDED ENTRY--TOPICAL TERM |
| Topical term or geographic name as entry element |
Good and evil |
| Form subdivision |
Juvenile fiction. |
| 650 #1 - SUBJECT ADDED ENTRY--TOPICAL TERM |
| Topical term or geographic name as entry element |
Dragons |
| Form subdivision |
Fiction. |
| 650 ## - SUBJECT ADDED ENTRY--TOPICAL TERM |
| Topical term or geographic name as entry element |
Magic |
| Form subdivision |
Fiction. |
| 650 ## - SUBJECT ADDED ENTRY--TOPICAL TERM |
| Topical term or geographic name as entry element |
Good and evil |
| Form subdivision |
Fiction. |
| 650 #1 - SUBJECT ADDED ENTRY--TOPICAL TERM |
| Topical term or geographic name as entry element |
Adventure and adventurers |
| Form subdivision |
Fiction. |
| 650 ## - SUBJECT ADDED ENTRY--TOPICAL TERM |
| Topical term or geographic name as entry element |
Dragons |
| Form subdivision |
Romans, nouvelles, etc. pour la jeunesse. |
| 9 (RLIN) |
87343 |
| 650 #7 - SUBJECT ADDED ENTRY--TOPICAL TERM |
| Topical term or geographic name as entry element |
JUVENILE FICTION |
| General subdivision |
Action & Adventure |
| -- |
General. |
| 9 (RLIN) |
54449 |
| 650 #7 - SUBJECT ADDED ENTRY--TOPICAL TERM |
| Topical term or geographic name as entry element |
JUVENILE FICTION |
| General subdivision |
Animals |
| -- |
Dragons, Unicorns & Mythical. |
| 9 (RLIN) |
71814 |
| 650 #7 - SUBJECT ADDED ENTRY--TOPICAL TERM |
| Topical term or geographic name as entry element |
JUVENILE FICTION |
| General subdivision |
Fantasy & Magic. |
| 9 (RLIN) |
56170 |
| 650 #7 - SUBJECT ADDED ENTRY--TOPICAL TERM |
| Topical term or geographic name as entry element |
JUVENILE FICTION |
| General subdivision |
Readers |
| -- |
Chapter Books. |
| 9 (RLIN) |
81651 |
| 650 #7 - SUBJECT ADDED ENTRY--TOPICAL TERM |
| Topical term or geographic name as entry element |
Dragons. |
| 9 (RLIN) |
57721 |
| 650 #7 - SUBJECT ADDED ENTRY--TOPICAL TERM |
| Topical term or geographic name as entry element |
Good and evil. |
| 650 #7 - SUBJECT ADDED ENTRY--TOPICAL TERM |
| Topical term or geographic name as entry element |
Magic. |
| 9 (RLIN) |
54362 |
| 650 #7 - SUBJECT ADDED ENTRY--TOPICAL TERM |
| Topical term or geographic name as entry element |
Dragons |
| Form subdivision |
Juvenile fiction. |
| 9 (RLIN) |
87344 |
| 650 #7 - SUBJECT ADDED ENTRY--TOPICAL TERM |
| Topical term or geographic name as entry element |
Prophecies |
| Form subdivision |
Juvenile fiction. |
| 9 (RLIN) |
54229 |
| 650 #7 - SUBJECT ADDED ENTRY--TOPICAL TERM |
| Topical term or geographic name as entry element |
Magic |
| Form subdivision |
Juvenile fiction. |
| 9 (RLIN) |
87345 |
| 650 #7 - SUBJECT ADDED ENTRY--TOPICAL TERM |
| Topical term or geographic name as entry element |
Good and evil |
| Form subdivision |
Juvenile fiction. |
| 9 (RLIN) |
87346 |
| 650 #7 - SUBJECT ADDED ENTRY--TOPICAL TERM |
| Topical term or geographic name as entry element |
Adventure fiction. |
| 9 (RLIN) |
53354 |
| 650 #7 - SUBJECT ADDED ENTRY--TOPICAL TERM |
| Topical term or geographic name as entry element |
Dragons |
| Form subdivision |
Fiction. |
| 9 (RLIN) |
87347 |
| 650 #7 - SUBJECT ADDED ENTRY--TOPICAL TERM |
| Topical term or geographic name as entry element |
Prophecies |
| Form subdivision |
Fiction. |
| 650 #7 - SUBJECT ADDED ENTRY--TOPICAL TERM |
| Topical term or geographic name as entry element |
Magic |
| Form subdivision |
Fiction. |
| 9 (RLIN) |
87348 |
| 650 #7 - SUBJECT ADDED ENTRY--TOPICAL TERM |
| Topical term or geographic name as entry element |
Good and evil |
| Form subdivision |
Fiction. |
| 9 (RLIN) |
87349 |
| 650 #7 - SUBJECT ADDED ENTRY--TOPICAL TERM |
| Topical term or geographic name as entry element |
Adventure and adventurers |
| Form subdivision |
Fiction. |
| 9 (RLIN) |
87350 |
| 650 #7 - SUBJECT ADDED ENTRY--TOPICAL TERM |
| Topical term or geographic name as entry element |
Fantasy fiction. |
| 9 (RLIN) |
38995 |
| 655 #0 - INDEX TERM--GENRE/FORM |
| Genre/form data or focus term |
Adventure stories. |
| 655 #7 - INDEX TERM--GENRE/FORM |
| Genre/form data or focus term |
Fantasy fiction. |
| Source of term |
lcgft |
| 655 #7 - INDEX TERM--GENRE/FORM |
| Genre/form data or focus term |
Action and adventure fiction. |
| Source of term |
lcgft |
| 9 (RLIN) |
53368 |
| 655 #7 - INDEX TERM--GENRE/FORM |
| Genre/form data or focus term |
Novels. |
| Source of term |
lcgft |
| 9 (RLIN) |
73701 |
| 655 #7 - INDEX TERM--GENRE/FORM |
| Genre/form data or focus term |
Action and adventure fiction. |
| Source of term |
fast |
| 9 (RLIN) |
53368 |
| 655 #7 - INDEX TERM--GENRE/FORM |
| Genre/form data or focus term |
Fantasy fiction. |
| Source of term |
fast |
| 9 (RLIN) |
87351 |
| 655 #7 - INDEX TERM--GENRE/FORM |
| Genre/form data or focus term |
Fiction. |
| Source of term |
fast |
| 9 (RLIN) |
52739 |
| 655 #7 - INDEX TERM--GENRE/FORM |
| Genre/form data or focus term |
Juvenile works. |
| Source of term |
fast |
| 9 (RLIN) |
52753 |
| 655 #7 - INDEX TERM--GENRE/FORM |
| Genre/form data or focus term |
Romans. |
| Source of term |
rvmgf |
| 9 (RLIN) |
87352 |
| 800 ## - SERIES ADDED ENTRY--PERSONAL NAME |
| Personal name |
Sutherland, Tui, |
| Dates associated with a name |
1978- |
| Title of a work |
Wings of fire ; |
| Volume/sequential designation |
bk. 15. |
| 9 (RLIN) |
87353 |
| 942 ## - ADDED ENTRY ELEMENTS (KOHA) |
| Source of classification or shelving scheme |
|
| Koha item type |
Book |